00490nam a2200193 a 4500001001300000003000900013005001700022008004100039020001000080082001300090100001500103245004300118260004800161300000800209500003500217505001400252650001500266700001500281nice12345678IN_TiNIC20260116011425.0050524s1933 laha grs 000 0 49g  ac10000a221bWAR aWaris, F D aMasih Yisu Ke Mojassam Hone Se Pahila. aLahorebPunjab Religious Booksociety c1933 a98p aincludes index and biblioraphy2 areference aBible O.T.1 aWaris, F D